| 000 | 00916cam a2200349 a 4500 | ||
|---|---|---|---|
| 001 | 5602282 | ||
| 003 | ARRUPE | ||
| 005 | 20140611112450.0 | ||
| 008 | 060327r20061980nyu 000 1 eng | ||
| 010 | _a 2006042519 | ||
| 020 | _a0802142680 | ||
| 035 | _a(OCoLC)63278048 | ||
| 035 | _a(OCoLC)ocm63278048 | ||
| 035 | _a(DLC) 2006042519 | ||
| 035 | _a(NNC)5602282 | ||
| 040 |
_aDLC _cDLC |
||
| 043 | _af-sa--- | ||
| 050 | 0 | 0 |
_aPR9369.3.F8 _bT7 2006 |
| 082 | 0 | 0 |
_a823/.914 _222 |
| 100 | 1 |
_aFugard, Athol. _910795 |
|
| 245 | 1 | 0 |
_aTsotsi / _cAthol Fugard. |
| 250 | _a1st Grove Press ed. | ||
| 260 |
_aNew York : _bGrove Press, _c2006. |
||
| 263 | _a0603 | ||
| 300 |
_axv, 232 p. ; _c21 cm. |
||
| 650 | 0 |
_aCriminals _vFiction. _910796 |
|
| 650 | 0 |
_aInfants _vFiction. _910797 |
|
| 651 | 0 |
_aSouth Africa _vFiction. _910798 |
|
| 942 |
_2lcc _cSPC |
||
| 948 | 1 |
_a20060501 _bc _coc2016 _dMPS |
|
| 999 |
_c120690 _d120690 |
||